00473nam a2200169Ia 4500008004100000020001500041082001500056100001700071245004300088260001900131300000900150546000900159650002100168942000700189999001500196952009200211230312s9999||||xx |||||||||||||| ||und|| a0697007782 a572bLOH-E aHole ,John W 0aEssentials of Human Anatomy Physiology bWCB Publishers aI-12 aEng. aMedicalvAnatomy cBK c4678d4678 00102ddc4070aSIRCbSIRCd2023-03-13l0o572 LOH-Ep4705r2023-03-13w2023-03-13yBK